02545cam a2200325 a 450000100090000000300040000900500170001300800410003001000170007102000360008802000330012403500240015704000180018104200080019904300120020705000200021908200160023910000270025524500890028225000130037126000430038430000360042749000720046350000200053550514940055565000350204965000430208470000230212783000690215016044969OSt20210414114602.0100107s2011 nyua b 001 0 eng  a 2009053484 a9780073377339 (hc : alk. paper) a0073377333 (hc : alk. paper) a(OCoLC)ocn436028040 aDLCcDLCdDLC apcc an-us---00aHG2040.5.U5B78 00a332.7/22221 aBrueggeman, William B.10aReal estate finance and investments. /cWilliam B. Brueggeman and Jeffrey D. Fisher. a14th ed. aNew York :bMcGraw-Hill/ Irwin,c2011. axviii, 760 p. :bill. ;c27 cm.1 aThe McGraw-Hill/Irwin series in finance, insurance, and real estate aIncludes index. aContents: Part 1: Overview of real estate finance and investments: 1. Real estates investment: Basic legal concepts -- 2. Real estates financing: notes and mortgages -- Part 2: Mortgage loans: 3. Mortgage loan foundations: the time value of money -- 4. Fixed interest rate mortgage loans -- 5. Adjustable and floating rate mortgage loans -- 6. Mortgages: additional concepts, analysis, and applications -- Part 3: Residential housing: 7. Single family housing: pricing, investment, and tax considerations -- 8. Underwriting and financing residential properties -- Part 4: Income-producing properties: 9. Income-properties: leases, rents, and the market space -- 10. Valuation of income properties: appraisal and the market for capital -- 11. Investment analysis and taxation of income properties -- 12. Financial leverage and financing alternatives -- 13. Risk analysis -- 14. Disposition and renovation of income properties -- 15. Financing corporate real estate -- Part 5: Financing real estate development: 16. Financial project development -- 17. Financial land development projects -- Part 6: Alternative real estate financing and investment vechicles: 18: Structuring real estate investments: organizational forms and joint ventures -- 19. The secondary mortgage market: pass-through securities -- 20. The secondary mortgage market: CMOs and derivative securities -- 21. Real estate investment trusts (REITs) -- 22. Real estate investment performance and portfolio considerations.  0aMortgage loanszUnited States. 0aReal propertyzUnited StatesxFinance.1 aFisher, Jeffrey D. 0aMcGraw-Hill/Irwin series in finance, insurance, and real estate.